| 000 | 00719aam a2200265 4500 | ||
|---|---|---|---|
| 005 | 20260224154946.0 | ||
| 008 | 150721b1988 xxu||||| |||| 00| 0 spa d | ||
| 020 | _a8482722751 | ||
| 041 | _aESP | ||
| 082 | _a364 M293m | ||
| 100 |
_aMantovani, Ferrando _914798 |
||
| 245 | _aMonografías jurídicas: El siglo XIX y las ciencias criminales | ||
| 260 | _aArgentina | ||
| 260 | _bEditorial Temis | ||
| 260 | _c1988 | ||
| 300 | _a69 páginas | ||
| 490 | _aInvestigación Criminal | ||
| 650 | _aCRIMINOLOGÍA | ||
| 650 | _aTEORÍAS CRIMINOLÓGICAS | ||
| 650 | _aESCUELA CLÁSICA | ||
| 650 | _aESCUELA POSITIVA | ||
| 650 | _aSOCIALISMO PENAL | ||
| 650 | _aDEFENSA CONTRA LA CRIMINALIDAD | ||
| 942 |
_cBK _2ddc |
||
| 999 |
_c119 _d119 |
||